|
|
|
|
| LEADER |
01419nam a22003377i 4500 |
| 001 |
30091 |
| 003 |
BD-DhAAL |
| 005 |
20151111122439.0 |
| 008 |
151111t20152015maua 001 0 eng |
| 010 |
|
|
|a 2013009728
|
| 020 |
|
|
|a 9781449694616 (case bound)
|
| 020 |
|
|
|a 1449694616 (case bound)
|
| 040 |
|
|
|a DLC
|b eng
|c DLC
|e rda
|d DLC
|d BD-DhAAL
|
| 042 |
|
|
|a pcc
|
| 050 |
0 |
0 |
|a QA331.7
|b .Z55 2015
|
| 082 |
0 |
0 |
|a 515.9
|2 23
|
| 100 |
1 |
|
|a Zill, Dennis G.,
|d 1940-
|9 16115
|
| 240 |
1 |
0 |
|a First course in complex analysis with applications
|
| 245 |
1 |
0 |
|a Complex analysis :
|b a first course with applications /
|c Dennis G. Zill, Loyola Marymount University, Patrick D. Shanahan, Loyola Marymount University.
|
| 250 |
|
|
|a Third edition.
|
| 260 |
|
|
|a Burlington, MA :
|b Jones & Bartlett Learning,
|c c2015.
|
| 300 |
|
|
|a various pagings :
|b illustrations ;
|c 29 cm
|
| 490 |
0 |
|
|a The Jones & Barlett learning series in mathematics
|
| 500 |
|
|
|a Revision of: A first course in complex analysis with applications. -- 2nd ed. -- ©2009.
|
| 500 |
|
|
|a Includes indexes.
|
| 541 |
|
|
|e 30091
|
| 650 |
|
0 |
|a Functions of complex variables.
|9 16116
|
| 700 |
1 |
|
|a Shanahan, Patrick D.,
|d 1968-
|9 16117
|
| 942 |
|
|
|2 ddc
|c BK
|
| 999 |
|
|
|c 36114
|d 36114
|
| 952 |
|
|
|0 0
|1 0
|2 ddc
|4 0
|6 515_900000000000000_ZIL
|7 0
|9 56743
|a BRACUL
|b BRACUL
|c GEN
|d 2015-11-11
|e Karim International
|g 7000.00
|l 18
|m 176
|o 515.9 ZIL
|p 3010030091
|r 2025-09-21
|s 2025-08-04
|t 1
|w 2015-11-11
|y BK
|